Types of literature /

Bibliographic Details
Main Author: Bennett, Robert A.
Other Authors: Evans, Verda, Gordon, Edward J.
Format: Book
Language:English
Published: Lexington, Mass. : Ginn, [1979]
Series:Ginn literature series.
Subjects:

MARC

Tag First Indicator Second Indicator Subfields
LEADER 00000cam a2200000 i 4500
001 in00000665176
005 20151015080141.0
008 790614s1979 maua 00110 eng d
020 |a 0663366283 
035 |a (OCoLC)05065681 
035 |9 ACX5972AM 
040 |a GZV  |c GZV  |d TXA  |d UtOrBLW 
049 |a [Curr Col] TXAM  |c 1 [1559541], 2 [1559542] 
090 |a PE1121  |b .B42 1979 
100 1 |a Bennett, Robert A. 
245 1 0 |a Types of literature /  |c Robert A. Bennett, Verda Evans, Edward J. Gordon. 
264 1 |a Lexington, Mass. :  |b Ginn,  |c [1979] 
264 4 |c ©1979 
300 |a xxviii, 756 pages :  |b illustrations (some color) ;  |c 25 cm. 
336 |a text  |b txt  |2 rdacontent 
337 |a unmediated  |b n  |2 rdamedia 
338 |a volume  |b nc  |2 rdacarrier 
490 1 |a Ginn literature series 
500 |a Gr. 10. 
500 |a Includes index. 
650 0 |a Readers (Secondary) 
700 1 |a Evans, Verda. 
700 1 |a Gordon, Edward J. 
830 0 |a Ginn literature series. 
999 |a MARS 
999 f f |s 9ba5845d-8ab8-35f8-9d42-4c3e9af04066  |i e5b2a62f-738e-3967-819a-2b1671632f16  |t 0 
952 f f |p ric  |a Texas A&M University  |b Rellis Campus  |c Joint Library Facility  |s JLF  |d Remote Storage  |t 0  |e PE1121 .B42 1979  |h Library of Congress classification  |i unmediated -- volume  |m A14800233951 
998 f f |a PE1121 .B42 1979  |t 0  |l Remote Storage